000 01022nmm a2200289 a 4500
001 ocm0001132650
003 TR-IsHL
005 20201028152345.0
008 150709s2015 tu eng
007 cr cn
020 _a9789635266807
035 _a1132650
_b(N$T)
050 0 4 _aPR4572
_b.M34 2015
090 0 4 _aPR4572
_b.M34 2015
100 1 _aDickens, Charles
245 1 0 _aThe magic fishbone: a holiday romance from the pen of Miss Alice Rainbird aged 7
_h[electronic resource] /
_cCharles Dickens ; illustrated by S. Beatrice Pearse
260 _aİstanbul :
_bE-Kitap Projesi,
_c2015
300 _a27 p.
500 _a"From 'Holiday romance', first published in 1868."
_x
650 4 _aDil ve Edebiyat
650 4 _aLanguage and Literature
650 0 _aMasallar
650 0 _aFairy tales
650 7 _aLITERARY CRITICISM / Children's Literature
_2bisacsh
700 1 _aPearse, S. Beatrice
856 4 0 _uhttp://search.ebscohost.com/login.aspx?direct=true&scope=site&db=e011xww&AN=1132650
999 _c11486
_d11486